Пикосекундный усилитель постоянного тока; Приборы и техника эксперимента; № 1

Bibliografiske detaljer
Parent link:Приборы и техника эксперимента/ Российская академия наук.— , 1956-.— 0032-8162
№ 1.— 2003.— с. 47-49
Andre forfattere: Обихвостов В. Д., Титов А. А., Ильюшенко В. Н., Авдоченко Б. И.
Sprog:russisk
Udgivet: 2003
Serier:Электроника и радиотехника
Fag:
Format: MixedMaterials Book Chapter
KOHA link:https://koha.lib.tpu.ru/cgi-bin/koha/opac-detail.pl?biblionumber=427105

MARC

LEADER 00000naa2a2200000 4500
001 427105
005 20231101074624.0
035 |a (RuTPU)RU\TPU\prd\86229 
035 |a RU\TPU\prd\11716 
090 |a 427105 
100 |a 20100903a2003 k y0rusy50 ca 
101 0 |a rus 
102 |a RU 
200 1 |a Пикосекундный усилитель постоянного тока  |f В. Д. Обихвостов, А. А. Титов, В. Н. Ильюшенко, Б. И. Авдоченко 
225 1 |a Электроника и радиотехника 
320 |a Библиогр.: 8 назв. 
461 1 |0 (RuTPU)RU\TPU\prd\300  |x 0032-8162  |t Приборы и техника эксперимента  |f Российская академия наук  |d 1956- 
463 1 |0 (RuTPU)RU\TPU\prd\86220  |t № 1  |v с. 47-49  |d 2003 
610 1 |a пикосекундный усилитель 
610 1 |a усилители 
610 1 |a транзисторы 
610 1 |a функциональные схемы 
675 |a 621.375.4  |v 3 
701 1 |a Обихвостов  |b В. Д. 
701 1 |a Титов  |b А. А. 
701 1 |a Ильюшенко  |b В. Н. 
701 1 |a Авдоченко  |b Б. И. 
801 1 |a RU  |b 63413507  |c 20030320  |g PSBO 
801 2 |a RU  |b 63413507  |c 20100903  |g RCR 
942 |c BK